Países con 'T' - Estadísticas

Estadísticas generales
  • Esta prueba ha sido intentada 50 veces
    48 desde el último reinicio
  • La puntuación promedio es 8 de 12
Estadísticas de respuestas
País % Correcto
Turquía
88%
Tailandia
82%
Turkmenistán
79%
Tonga
76%
Trinidad y Tobago
76%
Togo
74%
Tuvalu
65%
Tanzania
62%
Túnez
59%
Tajikistán
35%
Taiwán
32%
Timor Oriental
32%
No se encontraron pruebas coincidentes
Distribución de puntuación
Porcentaje de gente con cada puntuación
Porcentaje por número respondido
Historial de tus puntuaciones
No has intentado esta prueba desde el último reinicio